| 000 | 01276cam a22003254a 4500 | ||
|---|---|---|---|
| 001 | 11967463 | ||
| 005 | 20150828095722.0 | ||
| 008 | 000407s2000 inu b s001 0 eng | ||
| 010 | _a 00039644 | ||
| 020 | _a0253338069 (cl : alk. paper) | ||
| 020 | _a0253214165 (pa : alk. paper) | ||
| 040 |
_aDLC _cDLC _dDLC |
||
| 042 | _apcc | ||
| 043 | _af-nr--- | ||
| 050 | 0 | 0 |
_aDT515.45.Y67 _bH36 2000 |
| 082 | 0 | 0 |
_a305.896/333 _221 |
| 100 | 1 |
_aHallen, B. _919122 |
|
| 245 | 1 | 4 |
_aThe good, the bad, and the beautiful : _bdiscourse about values in Yoruba culture / _cBarry Hallen. |
| 260 |
_aBloomington : _bIndiana University Press, _cc2000. |
||
| 300 |
_axiv, 201 p. ; _c24 cm. |
||
| 504 | _aIncludes bibliographical references (p. [179]-198) and index. | ||
| 650 | 0 |
_aYoruba (African people) _xIntellectual life. _919123 |
|
| 650 | 0 |
_aPhilosophy, Yoruba. _918664 |
|
| 650 | 0 |
_aYoruba (African people) _xSocial life and customs. _918666 |
|
| 650 | 0 |
_aSocial values _zNigeria. _919124 |
|
| 650 | 0 |
_aYoruba language. _919125 |
|
| 906 |
_a7 _bcbc _corignew _d1 _eocip _f20 _gy-gencatlg |
||
| 942 |
_2lcc _cMONOGRAPH |
||
| 999 |
_c123172 _d123172 |
||